000 01186nam a22002897a 4500
008 160808b xxu||||| |||| 00| 0 eng d
010 _a1617EN ENG-116960
020 _a9780199454167
_c695.00
035 _aB-651380-387
035 _aEN-100492
035 _aB-666252
037 _adpl
_bPragati
037 _bDBAD/PUB
082 _a621.8
100 _aUicker, John J.
245 _aTheory of machines and mechanisms /
_cby John J.Uicker, Gordon R.Oennock [and] Joseph E.Shigley
250 _a4th ed.
260 _aNew Delhi
_bOxford University Press
_c2016(rpt)
270 _aYMCA Building Jai Singh Road
_bNew Delhi
_e110001
300 _axvi, 772 p.
_c24cm
_billus.
500 _aIncludes index
700 _aOennock Gordon R.
700 _aShigley, Joseph E.
942 _2ddc
_cEN
_h621.8
_mUIC
999 _c101945
_d101945